000 00561nam a22002057a 4500
003 OSt
005 20160510173417.0
008 160510b xxu||||| |||| 00| 0 eng d
020 _a0878937323
040 _cDDC.
082 _a333.9516PRI 2000.
100 _aRichard B,Primack.
_98683
245 _aA primer of Conservation Biology,
250 _a2nd ed.
260 _aU.S.A.
_bSinauer Associates,inc.publishers.
_c2000.
300 _axiii,319p;
_bill;
_c26cm.
504 _aincludes index and bibliography.
650 _aBiology.
_95602
942 _2ddc
_cSLOAN
999 _c3965
_d3965